000 00678nam a2200289Ia 4500
005 20260324141318.0
008 008 260324s9999 xx 000 0 eng d
020 _a9781003075868
037 _aEBOOK
040 _aCRL
040 _beng
040 _cCRL
041 _2eng
041 _aeng
084 _qCRL
100 _aGlenn M. Roy
_91207725
245 0 _aModifying Bitterness
245 0 _bMechanism, Ingredients, and Applications
260 _bTaylor and Francis
260 _c1997
365 _a
365 _b465
856 _uhttp://www.taylorfrancis.com/books/9781003075868
942 _cEBOOK
999 _c1810674
_d1810674